[Event "Guantanamo Sabanalamar"]
[Site "Guantanamo"]
[Date "2009.07.22"]
[Round "4"]
[White "Lora Sumbert, Erisnel"]
[Black "Rojas Serra, Alexander"]
[Result "1-0"]
[WhiteElo "2123"]
[BlackElo "2024"]
[PlyCount "88"]
[EventDate "2009.07.20"]
[EventType "tourn"]
[EventRounds "11"]
[EventCountry "CUB"]
[SourceTitle "EXT 2019"]
[Source "ChessBase"]
[SourceDate "2018.10.10"]
[SourceVersion "1"]
[SourceVersionDate "2018.10.10"]
[SourceQuality "1"]

1. e4 e5 2. Nf3 Nc6 3. d4 exd4 4. Bc4 Bc5 5. c3 d3 6. 0-0 Nge7 7. Ng5 Ne5 8. Bxf7+ Nxf7 9. Nxf7 Kxf7 10. Qh5+ Ng6 11. Qxc5 d6 12. Qc4+ Be6 13. Qxd3 Rf8 14. f4 Kg8 15. Qg3 Bc4 16. Rf2 Qe8 17. Nd2 Bb5 18. c4 Bc6 19. f5 Ne5 20. b3 Qd7 21. Bb2 Rae8 22. Raf1 Rf7 23. Rf4 b5 24. f6 bxc4 25. fxg7 Rxg7 26. Qf2 Qe7 27. Bxe5 dxe5 28. Rf6 Bd7 29. Nxc4 Bh3 30. Ne3 Be6 31. Kh1 Rd8 32. Qc2 Rg6 33. R6f3 Rd7 34. h3 Qg5 35. Qc5 h5 36. R1f2 h4 37. Nd5 Bxd5 38. exd5 Rdg7 39. Rf5 Qg3 40. Qf8+ Kh7 41. Rh5+ Rh6 42. Qf5+ Rgg6 43. Rxh6+ Kxh6 44. Qf8+ Kh5 1-0